Կիշը / (Record no. 539341)
[ view plain ]
| 000 -LEADER | |
|---|---|
| fixed length control field | 00654nam a2200193 a 4500 |
| 003 - CONTROL NUMBER IDENTIFIER | |
| control field | AM-YEHGA |
| 005 - DATE AND TIME OF LATEST TRANSACTION | |
| control field | 20260123115049.0 |
| 008 - FIXED-LENGTH DATA ELEMENTS--GENERAL INFORMATION | |
| fixed length control field | 041014s1930 ru a cr 000|1 arm d |
| 040 ## - CATALOGING SOURCE | |
| Original cataloging agency | AM-YEHGA |
| 041 1# - LANGUAGE CODE | |
| Language code of text/sound track or separate title | arm |
| Language code of original | rus |
| 001 - CONTROL NUMBER | |
| control field | 310630 |
| 100 1# - MAIN ENTRY--PERSONAL NAME | |
| Personal name | Լոնդոն, Ջեկ |
| 9 (RLIN) | 22 |
| 245 10 - TITLE STATEMENT | |
| Title | Կիշը / |
| Statement of responsibility, etc. | Ջ. Լոնդոն; Ռուս. փոխադր.՝ Բ. Մար. |
| 260 ## - PUBLICATION, DISTRIBUTION, ETC. | |
| Place of publication, distribution, etc. | Մոսկվա : |
| Name of publisher, distributor, etc. | ԽՍՀՄ ժողովուրդների կենտրոնական հրատ., |
| Date of publication, distribution, etc. | 1930. |
| 300 ## - PHYSICAL DESCRIPTION | |
| Extent | 13 էջ ; |
| Dimensions | 25 սմ. |
| 650 14 - SUBJECT ADDED ENTRY--TOPICAL TERM | |
| Topical term or geographic name entry element | Ամերիկյան մանկական գրականություն |
| 9 (RLIN) | 5680 |
| 700 0# - ADDED ENTRY--PERSONAL NAME | |
| Personal name | Բ. Մար. |
| Relator term | թարգմ. |
| Relationship | trl |
| 942 ## - ADDED ENTRY ELEMENTS (KOHA) | |
| Source of classification or shelving scheme | Universal Decimal Classification |
| Koha item type | Գրքեր / Books |
| Withdrawn status | Lost status | Source of classification or shelving scheme | Damaged status | Not for loan | Collection | Home library | Current library | Date acquired | Total checkouts | Full call number | Barcode | Date last seen | Price effective from | Koha item type | Public note |
|---|---|---|---|---|---|---|---|---|---|---|---|---|---|---|---|
| Universal Decimal Classification | Gharibyan individual Collection | Fundamental Scientific Library | Fundamental Scientific Library | 20/11/2025 | Ղար/739 | FL0700624 | 20/11/2025 | 05/12/2025 | Գրքեր / Books | ILL Non-Circ. |
ՀՀ Գիտությունների ազգային ակադեմիայի հիմնարար գիտական գրադարան = Fundamental Scientific Library of NAS RA
All site content, except where otherwise noted, is licensed under a